عرض عادي عرض مارك
  • التنمية الاجتماعية

مدخل مصطلح موضوعي

عدد التسجيلات المستخدمة في: 2

001 - رقم الضبط

  • حقل الضبط: 65099

003 - معرف رقم الضبط

  • حقل الضبط: OSt

005 - تاريخ ووقت أخر عملية

  • حقل الضبط: 20181218115425.0

008 - عناصر بيانات ثابتة الطول

  • حقل تحكم ثابت الطول: 181218|| aca||aabn | a|a d

040 ## - مصدر الفهرسة

  • هيئة الفهرسة الأصلية: OSt
  • وكالة الكتابة: OSt

150 ## - مدخل-- مصطلح تاريخي

  • عنصر مدخل المصطلح الموضوعي او الاسم الجغرافي: التنمية الاجتماعية

670 ## - بيانات المصدر موجوده

  • الاستشهاد بالمصدر: Work cat.: (OSt)75206: بدري، أميرة يوسف بابكر 65096, أسس التنمية والتخطيط الإجتماعي =, 2018